Avengers by Names from Morgan le Fay‘s Reality - Statistics

General Stats
  • This quiz has been taken 23 times
  • The average score is 19 of 35
Answer Stats
Codename in Morgan‘s Reality Avenger % Correct
Yeoman America Captain America
100%
Iron Knight Iron Man
100%
Lady Marvel Ms. Marvel (Carol Danvers)
95%
Blackbird Falcon
90%
Longbow Hawkeye
90%
Donar Thor
90%
Sealord Namor the Sub-Mariner
85%
Daystar Photon (Monica Rambeau)
85%
Gigantus Giant-Man (Hank Pym)
75%
Jade Giantess She-Hulk
75%
Pixie Wasp
75%
Nubian Prince Black Panther
70%
Tsarina Black Widow
70%
Cerce Sersi
70%
Ghost of Stone Vision
60%
Kreature Beast
55%
Elementelle Crystal
55%
Lady Comet Firestar
55%
Squire Justice Justice
50%
Gypsy Davy Quicksilver
45%
Falconer Darkhawk
40%
Firemaiden Firebird
40%
Sir Devilfish Stingray
40%
Sir MacHinery Machine Man
35%
Star-Knight Quasar
35%
Grimalkin Tigra
35%
Priestess Selene Moondragon
30%
Quarryman Sandman
30%
Chevalier Swordsman (Philip Javert)
30%
Sir Fulminator Living Lightning
25%
Blacksmith Rage
25%
Knave of Hearts Starfox
25%
Lady Magdalena Magdalene
20%
Serf Demolition-Man
10%
Liegeman U.S. Agent
10%
No matching quizzes found
Score Distribution
Percent of People with Each Score
Percentile by Number Answered
Your Score History
You have not taken this quiz